Score 0/7 Timer 03:00
0 Plays Today
Question Answer Wrong Answers
Two bombs explode near the finish line of this annual racing event, killing three people and injuring 264 others.
2013
Boston Marathon
93.4%
New York City Marathon
1.5%
Chicago Marathon
1%
Philadelphia Marathon
0.8%
This English actress, who starred as Hermione in the ‘Harry Potter’ series, is born.
1990
Emma Watson
92%
Bonnie Wright
0.7%
Emily Blunt
2.5%
Felicity Jones
1.6%
President Abraham Lincoln dies after being shot the previous evening by actor John Wilkes Booth. This man becomes president upon his death.
1865
Andrew Johnson
76.6%
Chester A. Arthur
6%
Rutherford B. Hayes
7.9%
James Buchanan
9.4%
The ‘Rand McNally Auto Chum’ is published. It is the first edition of what will become the best-selling ‘Rand McNally ______’.
1924
Road Atlas
75.8%
Travel Guide
10.2%
Auto Manual
8.4%
Auto Brochure
3%
US Senator John B. Kendrick of Wyoming introduces a resolution calling for an investigation of a secret land deal, which leads to the discovery of the ______ scandal.
1922
Teapot Dome
70.4%
Crédit Mobilier
2.6%
Whiskey Ring
15.3%
Watergate
9.7%
Jackie Robinson debuts for this MLB team, breaking baseball’s color line.
1947
Brooklyn Dodgers
68.7%
New York Giants
8.1%
New York Yankees
16.5%
Pittsburgh Pirates
3.8%
This man, the 1st Supreme Leader of North Korea, is born.
1912
Kim Il-sung
46.6%
Kim Jong-il
26.4%
Kim Jong-un
18.7%
Jong Kim-sung
7.3%
Remove Ads.
Support Sporcle.
Get the best of Sporcle when you Go Orange. This ad-free experience offers more features, more stats, and more fun while also helping to support Sporcle. Thank you for becoming a member.

You're not logged in!

Compare scores with friends on all Sporcle quizzes.
OR
Log In

Show Comments

Extras

Top Quizzes Today


Score Distribution

Your Account Isn't Verified!

In order to create a playlist on Sporcle, you need to verify the email address you used during registration. Go to your Sporcle Settings to finish the process.

Report this User

Report this user for behavior that violates our Community Guidelines.

Details: